01115nam a22002777a 4500003000400000005001700004008004100021040002200062082001800084100002700102245004300129260004700172300001900219366000800238490001300246505007700259505016100336505001200497650004100509650005000550650004400600650004800644650004300692650005500735650004700790OSt20230503124351.0221006b |||||||| |||| 00| 0 eng d cBiblioteca Lado V a709.05bR643f aRoberts, Jameseeditor aFrieze/bContemporary Art And Culture/ bDurian Publications Ltd.aInglaterrac2003 c23x30cma104p. eeng a74v2003 tColumnsaPhilosophy Architecture Sport Technology Fashion Interview tFeaturesaPicture: Mandy Bon Voyage Black a rolling stone Body of work Hirsch Perlman saved from avalanche A tangled web Something old, something new  tReviews 2Tesauro de Arte & ArquitecturaaARTE 2Tesauro de Arte & ArquitecturaaEXPOSICIONES  2Tesauro de Arte & ArquitecturaaCULTURA 2Tesauro de Arte & ArquitecturaaAPRECIACION 2Tesauro de Arte & ArquitecturaaTEORIA 2Tesauro de Arte & ArquitecturaaARTE CONTEMPORANEO 2Tesauro de Arte & ArquitecturaaINGLATERRA